Miami Heat leading scorer each game (2024-2025 season) - Statistics

General Stats
  • This quiz has been taken 17 times
  • The average score is 6 of 9
Answer Stats
# of games Player % Correct
38 Tyler Herro
100%
19 Bam Adebayo
93%
7 Jimmy Butler
80%
4 Andrew Wiggins
67%
2 Jaime Jaquez Jr.
53%
4 Kel'el Ware
53%
4 Duncan Robinson
47%
2 Terry Rozier
47%
2 Nikola Jovic
40%
No matching quizzes found
Score Distribution
Percent of People with Each Score
Percentile by Number Answered
Your Score History
You have not taken this quiz